000 nam a22 a 4500
999 _c125001
_d125001
003 BLK
005 20200804153152.0
008 180409b bul|||||r ||||||| ||bul||
010 _aKNG00130670000
040 _aBLK
041 _aBUL
_cBUL
080 _aБългарска литература
_b821.163.2
_x-32
_z821.163.2-32
100 1 _aБарух, Арманд Сабат
_eпърви автор
_9301770
139 _aБарух, Арманд Сабат
_bБ 27
245 1 0 _aКолкото по-тъмна е нощта...
_bПовест
_cАрманд Сабат Барух.
257 _aBGR
260 _bПрофиздат
_c1963
_aСофия
300 _a112 с.
_c21 см
380 _aX
500 _aАвт. не е отбелязан на кор. - 10 100 тир.
852 _aЦб І 5911
_bЦб
856 4 _qpdf
942 _cKNG
_n0
_s1
944 _aCR
_c17.05.2012
_l17.05.2012 - от С1,Р / 17.05.2012
_kНаталия_Медовщикова
944 _aED
_c2020-08-04
999 _d125001